Estadísticas para Países más cercanos a Irlanda

Haz click aquí para intentar la prueba.

Estadísticas generales

  • Esta prueba ha sido intentada 88 veces
  • La puntuación promedio es 17 de 20

Estadísticas de respuestas

kmpaís% Correcto
861España
99%
413Francia
97%
0Reino Unido
97%
821Alemania
96%
1068Islandia
96%
622Bélgica
95%
1036Portugal
95%
1088Suiza
95%
839Noruega
92%
668Países Bajos
92%
1177Suecia
92%
1192Italia
91%
925Dinamarca
88%
1253Austria
86%
881Luxemburgo
86%
1331Polonia
85%
1212Andorra
83%
1388Mónaco
78%
1264Liechtenstein
77%
1281Czechia
4%

Distribución de puntuación

Porcentaje por número respondido

Porcentaje de gente con cada puntuación

Historial de tus puntuaciones

No has intentado esta prueba.